CLINICAL NEUROANATOMY (Record no. 251)

MARC details
000 -LEADER
fixed length control field 00286nam a2200133Ia 4500
082 ## - DEWEY DECIMAL CLASSIFICATION NUMBER
Classification number 611
Item number C10S
100 ## - MAIN ENTRY--PERSONAL NAME
Personal name SNEL, R.S.
245 ## - TITLE STATEMENT
Title CLINICAL NEUROANATOMY
250 ## - EDITION STATEMENT
Edition statement 1ST
260 ## - PUBLICATION, DISTRIBUTION, ETC. (IMPRINT)
Name of publisher, distributor, etc WOLTERS HLUWER
Place of publication, distribution, etc DELHI
Year of Publication 2010
300 ## - PAGE DESCRIPTION
No. of Pages 1-542
650 ## - SUBJECT ADDED ENTRY--TOPICAL TERM
Topical term or geographic name as entry element HUMAN ANATOMY
942 ## - ADDED ENTRY ELEMENTS (KOHA)
Source of classification or shelving scheme Dewey Decimal Classification
Koha item type Books
942 ## - ADDED ENTRY ELEMENTS (KOHA)
-- 25
Holdings
Withdrawn status Lost status Source of classification or shelving scheme Damaged status Not for loan Collection code Home library Current library Shelving location Date acquired Vendor Name Cost, normal purchase price SGTU Bill Number Total Checkouts Full call number Accession No. (Barcode) Date last seen Date last borrowed Bill Date Koha item type Checked out
    Dewey Decimal Classification     MEDICAL SGT Medical Library SGT Medical Library Text Book 12/02/2010 U.B.S. DELHI 995.00 SGTU 950 3 611 C10S FM1206 20/08/2024 12/08/2024 14/03/2011 Books  
    Dewey Decimal Classification     MEDICAL SGT Medical Library SGT Medical Library Text Book 12/02/2010 U.B.S. DELHI 995.00 SGTU 950 13 611 C10S FM1207 23/06/2025 19/09/2024 14/03/2011 Books  
    Dewey Decimal Classification     MEDICAL SGT Medical Library SGT Medical Library Text Book 12/02/2010 U.B.S. DELHI 995.00 SGTU 950 6 611 C10S FM1208 17/04/2026 15/04/2026 14/03/2011 Books  
    Dewey Decimal Classification     MEDICAL SGT Medical Library SGT Medical Library Text Book 12/02/2010 U.B.S. DELHI 995.00 SGTU 950   611 C10S FM1209 09/02/2015   14/03/2011 Books  
    Dewey Decimal Classification     MEDICAL SGT Medical Library SGT Medical Library Text Book 12/02/2010 U.B.S. DELHI 995.00 SGTU 950 10 611 C10S FM1210 26/05/2026 26/05/2026 14/03/2011 Books 09/06/2026
    Dewey Decimal Classification     MEDICAL SGT Medical Library SGT Medical Library Text Book 12/02/2010 U.B.S. DELHI 995.00 SGTU 950 14 611 C10S FM1211 07/07/2025 09/10/2024 14/03/2011 Books